书目信息 |
| 题名: |
考研数学强化班辅导讲义
|
|
| 作者: | 蔡子华 主编 | |
| 分册: | 理工类 | |
| 出版信息: | 北京 原子能出版社 2007.06 |
|
| 页数: | 121页 | |
| 开本: | 26cm | |
| 丛书名: | ||
| 单 册: | ||
| 中图分类: | O13-44 | |
| 科图分类: | ||
| 主题词: | 高等数学--gao deng shu xue--研究生--入学考试--自学参考资料 | |
| 电子资源: | ||
| ISBN: | 978-7-5022-3854-4 | |
| 000 | 00873nam0 2200229 450 | |
| 001 | 012007802063 | |
| 005 | 20080618105852.96 | |
| 010 | @a978-7-5022-3854-4@dCNY10.00 | |
| 100 | @a20071109d2007 km y0chiy0120 ea | |
| 101 | 0 | @achi |
| 102 | @aCN@b110000 | |
| 105 | @ay z 000yy | |
| 200 | 1 | @a考研数学强化班辅导讲义@Akao yan shu xue qiang hua ban fu dao jiang yi@i理工类@f蔡子华主编@Fcai zi hua zhu bian |
| 210 | @a北京@c原子能出版社@d2007.06 | |
| 215 | @a121页@d26cm | |
| 300 | @a全国100多座城市考研辅导班指定用书 | |
| 330 | @a本书完全依据考研数学考试大纲编写,简述了必备的概念和应注意的问题,揭晓了内在联系,再现了近几年考试重点,例题中对解题方法进行归纳、总结。 | |
| 606 | 0 | @a高等数学@Agao deng shu xue@x研究生@x入学考试@j自学参考资料 |
| 690 | @aO13-44@v4 | |
| 701 | 0 | @a蔡子华@Acai zi hua@4主编 |
| 801 | 0 | @aCN@c20080618 |
| 905 | @b267169-78@dO13-44@eC0709@f10 | |
| 考研数学强化班辅导讲义.理工类/蔡子华主编.-北京:原子能出版社,2007.06 |
| 121页;26cm |
| 全国100多座城市考研辅导班指定用书 |
| ISBN 978-7-5022-3854-4:CNY10.00 |
| 本书完全依据考研数学考试大纲编写,简述了必备的概念和应注意的问题,揭晓了内在联系,再现了近几年考试重点,例题中对解题方法进行归纳、总结。 |
| ● |
| 相关链接 |
|
|
|
正题名:考研数学强化班辅导讲义
索取号:O13-44/C0709
 
预约/预借
| 序号 | 登录号 | 条形码 | 馆藏地/架位号 | 状态 | 备注 |
| 1 | 452710 | 204527100 | 自科二线504/504自科库 25排2列1层/ [索取号:O13-44/C0709] | 在馆 |